| 000 | 00840 a2200217 4500 | ||
|---|---|---|---|
| 005 | 20080819140719.0 | ||
| 008 | 080819t xxu||||| |||| 00| 0 eng d | ||
| 010 | _aENG-84729 | ||
| 020 |
_a8189107062 _c125.00 |
||
| 035 | _aEN-68262 | ||
| 037 | _bDBAD / PUB | ||
| 040 |
_adpl _bEnglish |
||
| 082 | _a153.15 | ||
| 100 | _aAgrawal, Vijay | ||
| 245 |
_aStudy know more _cby Vijay Agrawal |
||
| 260 |
_aBhopal _bIndra Publishing House _c2006 |
||
| 270 |
_aE-5/21, Arera Colony, Habibganj, Thana Road _bBhopal _cM.P. _e462016 _k0755-2465238, 4277445 _mlandmark_no1@satyam.net.in |
||
| 300 |
_a199 p. _c22 cm. (Pbk) |
||
| 942 |
_adpl _cEN _k153.15 / AGR _2ddc _h153.15 _mAGR |
||
| 999 |
_c178 _d178 |
||